Statistics for 10 Countries With The Most Buddhists

Click here to take the quiz!

General Stats

  • This quiz has been taken 66 times
  • The average score is 9 of 10

Answer Stats

Buddhist PopulationCountry% Correct
102,000,000China
100%
55,480,000Thailand
98%
7,000,000India
97%
8,965,000Japan
97%
49,690,000Vietnam
97%
9,130,000Cambodia
94%
41,610,000Myanmar
94%
10,920,000South Korea
84%
9,150,000Taiwan
77%
12,450,000Sri Lanka
76%

Score Distribution

Percentile by Number Answered

Percent of People with Each Score

Your Score History

You have not taken this quiz